02266 am a2200577 a 450000500170000000800410001702000150005804100080007310000200008124500340010125000650013526000330020030000110023350001000024465300460034465300290039065300460041965300350046565300550050065300290055565300380058465300460062265300300066865300580069865300180075665300360077465300350081065300160084565300410086165300350090265300310093765300300096865300560099865300550105465300320110965300390114165300670118065300350124765300350128265300590131765300560137665300380143265300300147065300340150065300390153465300250157365300240159865300240162270000200164670000220166620240625092805.0100304s2004||||sp a f |||| 001 0 spa  a8429175849 aspa1 aStryer, Lubert. aBioquímica /cLubert Stryer a5a ed. reimp. en españolbTraducción José M. Macarulla aBarcelona: bReverte;c2004. a974 p. aStryer, L., Berg, J. M. y Tymoczko, J. L. (2004). Bioquímica. (5a ed.). Barcelona : Reverte.  aBioquímica y la revolución genómica aEvolución bioquímica aEstructura y función de las proteínas aInvestigación en proteínas aDNA, RNA y el flujo de la información genética aInvestigación en genes aInvestigación de la evolución aEnzimas: conceptos básicos y cinética aEstrategias catalíticas aEstrategias reguladoras: los enzimas y la hemoglobina aCarbohidratos aLípidos y membranas celulares aConductos y bombas de membrana aMetabolismo aVías de trasducción de señales aGlicolisis y gluconeogénesis aCiclo de ácido cítrico aFosforilación oxidativa aReacciones de la fase luminosa de la fotosíntesis aCiclo de Calvin y la vía de las pentosas fosfato aMetabolismo del glucógeno aMetabolismo de los ácidos grasos aRecambio de las proteínas y catabolismo de los aminoácidos aBiosíntesis de aminoácidos aBiosíntesis de nucleótidos aBiosíntesis de lípidos de membrana y de esteroides aReplicación, recombinación y reparacion del DNA aSíntesis y maduración del RNA aSíntesis de proteínas aIntegración del metabolismo aControl de la expresión génica aSistemas sensoriales aSistema inmunitario aMotores moleculares1 aBerg, Jeremy M.1 aTymoczko, John L.